[Event "ST Lee Cup 4th"]
[Site "Beijing"]
[Date "1997.08.25"]
[Round "3"]
[White "Yin Hao"]
[Black "Durao, Joaquim"]
[Result "1-0"]
[WhiteElo "2410"]
[BlackElo "2185"]

1.e4 e5 2.Nf3 Nc6 3.Bb5 a6 4.Ba4 Nf6 5.O-O Be7 6.Re1 b5 7.Bb3 O-O 8.c3 d6
9.h3 Bb7 10.d4 Re8 11.a4 h6 12.Nbd2 Bf8 13.d5 Na5 14.Ba2 c6 15.b4 Nc4 16.Nxc4 bxc4
17.Bxc4 cxd5 18.Bxd5 Nxd5 19.exd5 Qc7 20.Qb3 Rec8 21.Bb2 g6 22.Rac1 h5 23.c4 f6
24.Red1 Qf7 25.a5 Rc7 26.Bc3 Rac8 27.Be1 e4 28.Nh2 f5 29.f4 Bg7 30.Bf2 Bxd5
31.Rxd5 Qxd5 32.cxd5 Rxc1+ 33.Nf1 Ra1 34.Qe3 Rc4 35.Qe2 Rxb4 36.Qxa6 Rb2
37.Qc8+ Kh7 38.Qc7 Kh6 39.Bh4 Rbb1  1-0

[Event "ST Lee Cup 4th"]
[Site "Beijing"]
[Date "1997.09.01"]
[Round "8"]
[White "Wang Pin"]
[Black "Li Ruofan"]
[Result "1-0"]
[WhiteElo "2380"]
[BlackElo "2245"]

1.e4 e5 2.Nf3 Nc6 3.Bb5 a6 4.Ba4 Nf6 5.O-O Be7 6.Re1 b5 7.Bb3 d6 8.c3 O-O
9.h3 Bb7 10.d4 Re8 11.Nbd2 Bf8 12.a3 g6 13.Ba2 Bg7 14.b4 a5 15.d5 Nb8 16.Nb3 axb4
17.cxb4 c6 18.Na5 Qc7 19.Nxb7 Qxb7 20.dxc6 Qxc6 21.Bb2 Na6 22.Rc1 Qd7 23.Bb3 h6
24.Rc2 Bf8 25.Nh4 Kg7 26.f4 Ra7 27.Rf2 Qc6 28.fxe5 dxe5 29.Ref1 Nxe4 30.Rxf7+ Rxf7
31.Rxf7+ Kh8 32.Bxe5+ Rxe5 33.Rxf8+ Kg7 34.Rf7+  1-0

[Event "ESP-ch"]
[Site "Torrevieja"]
[Date "1997.09.30"]
[Round "3"]
[White "Magem Badals, Jorge"]
[Black "Garbisu, Unai"]
[Result "1-0"]
[WhiteElo "2550"]
[BlackElo "2380"]

1.e4 e5 2.Nf3 Nc6 3.Bb5 a6 4.Ba4 Nf6 5.O-O Be7 6.Re1 b5 7.Bb3 d6 8.c3 O-O
9.h3 Bb7 10.d4 Re8 11.Ng5 Rf8 12.Nf3 Re8 13.Nbd2 Bf8 14.d5 Nb8 15.Nf1 c6
16.dxc6 Bxc6 17.Bg5 Nbd7 18.N3h2 Qb6 19.Qf3 Qb7 20.Ng3 d5 21.Ng4 dxe4 22.Qf5 Nd5
23.Nxe4 Re6 24.Rad1 Rae8 25.Ne3 N7b6 26.Nxd5 Nxd5 27.Qf3 Kh8 28.Qd3 f5 29.Bxd5 fxe4
30.Qxe4 Bxd5 31.Qxd5 Qxd5 32.Rxd5 h6 33.Be3 e4 34.Red1 Kg8 35.Kf1 Kf7 36.Ke2 Rc8
37.Rd7+ Be7 38.R1d5 Kg6 39.Bd4 Rc4 40.Re5 Rxe5 41.Bxe5 Bf6 42.Bxf6  1-0

[Event "Budapest FS10 IM-B"]
[Site "Budapest"]
[Date "1997.10.12"]
[Round "8"]
[White "Farago, Sandor"]
[Black "Allen, Andrew"]
[Result "1-0"]
[WhiteElo "2330"]
[BlackElo "2215"]

1.e4 e5 2.Nf3 Nc6 3.Bb5 a6 4.Ba4 Nf6 5.O-O Be7 6.Re1 b5 7.Bb3 d6 8.c3 O-O
9.h3 Bb7 10.d4 Re8 11.Nbd2 Bf8 12.Bc2 Qd7 13.d5 Ne7 14.b3 c6 15.c4 g6 16.Nf1 Bg7
17.Ng3 Reb8 18.Bg5 h6 19.Be3 Kh7 20.Qd2 Nc8 21.Rad1 Qc7 22.Qe2 Nb6 23.c5 Nbxd5
24.exd5 cxd5 25.cxd6 Qxd6 26.Bc1 Nd7 27.h4 Rc8 28.h5 Qc5 29.hxg6+ fxg6 30.Bb1 e4
31.Nxe4 dxe4 32.Rxd7 Bc6 33.Rxg7+ Kxg7 34.Bb2+ Kh7 35.Ne5 Be8 36.Qxe4 Qe7
37.Ng4 Qxe4 38.Rxe4 h5 39.Re7+ Kg8 40.Nf6+ Kf8 41.Ba3 Bf7 42.Bxg6 Rc1+ 43.Kh2  1-0

[Event "AUT-chT 9798"]
[Site "Austria"]
[Date "1997.11.09"]
[Round "5"]
[White "Kotz, Heinz Peter"]
[Black "Zoebisch, Herbert"]
[Result "1/2-1/2"]
[WhiteElo "2275"]
[BlackElo "2255"]

1.e4 e5 2.Nf3 Nc6 3.Bb5 a6 4.Ba4 Nf6 5.O-O Be7 6.Re1 b5 7.Bb3 d6 8.c3 O-O
9.h3 Bb7 10.d4 Re8 11.Nbd2 Bf8 12.a4 h6 13.Bc2 exd4 14.cxd4 Nb4 15.Bb1 c5
16.d5 Nd7 17.Ra3 f5 18.Nh2 Nf6 19.Rf3 Re5 20.Rxf5 Rxf5 21.exf5 Bxd5 22.Ng4 Bf7
23.Qf3 d5 24.Ne5 Ra7 25.Nxf7 Rxf7 26.Re6 c4 27.b3 Rc7 28.Bb2 d4 29.Ne4 c3
30.Nxc3 dxc3 31.Bxc3 Nbd5 32.Bb2 Bb4 33.Be4 Bc3 34.Bxc3 Rxc3 35.Qd1 Rc8 36.Bf3 Nc3
37.Qxd8+ Rxd8 38.Rxa6 bxa4 39.bxa4 Nfe4 40.a5 Nd6 41.Rb6 Ncb5 42.g4  1/2-1/2

[Event "Elgoibar"]
[Site "Elgoibar"]
[Date "1997.12.03"]
[Round "8"]
[White "Franco Ocampo, Zenon"]
[Black "Lima, Darcy"]
[Result "1/2-1/2"]
[WhiteElo "2480"]
[BlackElo "2475"]

1.e4 e5 2.Nf3 Nc6 3.Bb5 a6 4.Ba4 Nf6 5.O-O b5 6.Bb3 Be7 7.Re1 d6 8.c3 O-O
9.h3 Bb7 10.d4 Re8 11.Nbd2 Bf8 12.a4  1/2-1/2

[Event "Adelquis Remon"]
[Site "Adelquis Remon"]
[Date "1997.??.??"]
[Round "?"]
[White "Pupo, Emilio"]
[Black "Leyva, Ricardo"]
[Result "1/2-1/2"]
[WhiteElo "2400"]
[BlackElo "2250"]

1.e4 e5 2.Nf3 Nc6 3.Bb5 a6 4.Ba4 Nf6 5.O-O b5 6.Bb3 Be7 7.Re1 O-O 8.h3 d6
9.c3 Bb7 10.d4 Re8 11.Nbd2 Bf8 12.a4 h6 13.Bc2 exd4 14.cxd4 Nb4 15.Bb1 c5
16.d5 Nd7 17.Ra3 c4 18.Nd4 Qf6 19.N2f3 Nd3 20.Rxd3 cxd3 21.axb5 axb5 22.Nxb5 Ra1
23.Bxd3 Ba6 24.Nfd4 Rc8 25.Nc2 Rb1 26.Bf1 Bxb5 27.Bxb5 Nc5 28.Bc4 Nxe4 29.Rxe4 Qxb2
30.Bxb2 Rxd1+ 31.Kh2 Rd2 32.Bb3 Rcxc2 33.Bxc2 Rxc2 34.Bd4 f5 35.Rf4 Rd2 36.g4 g5
37.Be3 Rxd5 38.Rxf5 Rxf5 39.gxf5 Be7 40.Kg3 Bf6 41.Kg4  1/2-1/2

[Event "Ano Liosia op"]
[Site "Ano Liosia"]
[Date "1997.??.??"]
[Round "2"]
[White "Kiriazis, Dimitrios"]
[Black "Dervishi, Erald"]
[Result "0-1"]
[WhiteElo "2065"]
[BlackElo "2380"]

1.e4 e5 2.Nf3 Nc6 3.Bb5 a6 4.Ba4 Nf6 5.O-O Be7 6.Re1 b5 7.Bb3 d6 8.c3 O-O
9.h3 Bb7 10.d4 Re8 11.Nbd2 Bf8 12.Bc2 g6 13.Nf1 exd4 14.cxd4 Nb4 15.d5 c6
16.dxc6 Bxc6 17.Ng3 Nxc2 18.Qxc2 Rc8 19.Qd3 Nd7 20.Bg5 Qb6 21.Rad1 Nc5 22.Qb1 Qb7
23.Nd2 Bg7 24.Bf4 d5 25.exd5 Bxd5 26.f3 Qb6 27.Kh1 Qf6 28.Rxe8+ Rxe8 29.Ndf1 Bxf3  0-1

[Event "AUT-chT2W 9798"]
[Site "Austria"]
[Date "1997.??.??"]
[Round "1"]
[White "Hagen, Kurt"]
[Black "Levy, Rene"]
[Result "1/2-1/2"]
[WhiteElo "2100"]
[BlackElo "2200"]

1.e4 e5 2.Nf3 Nc6 3.Bb5 a6 4.Ba4 Nf6 5.O-O Be7 6.Re1 b5 7.Bb3 d6 8.c3 O-O
9.h3 Bb7 10.d3 h6 11.Nbd2 Re8 12.Nf1 Bf8 13.Ng3 g6 14.Be3 d5 15.Qe2 Na5 16.Bc2 c5
17.Rad1 Rc8 18.Bc1  1/2-1/2

[Event "AUT-chT9697"]
[Site "Austria"]
[Date "1997.??.??"]
[Round "7"]
[White "Postl, Anton"]
[Black "Zoebisch, Herbert"]
[Result "1/2-1/2"]
[WhiteElo "2285"]
[BlackElo "2240"]

1.e4 e5 2.Nf3 Nc6 3.Bb5 a6 4.Ba4 Nf6 5.O-O Be7 6.Re1 b5 7.Bb3 d6 8.h3 O-O
9.c3 Bb7 10.d4 Re8 11.Nbd2 Bf8 12.Bc2 Nb8 13.a4 Nbd7 14.Bd3 c6 15.Nf1 Nb6
16.a5 Nbd7 17.Ng3 g6 18.Nh2 h5 19.Nf3 c5 20.Bg5 Bg7 21.b4 cxd4 22.cxd4 exd4
23.Nxd4 Ne5 24.Bf1 Rc8 25.Qb3 Qc7 26.Rac1 Nc4 27.Ngf5 Bh8 28.Bf4 Rxe4 29.Bxd6 Rxe1
30.Bxc7 Rxc1 31.Bf4 Re1 32.Ng3 Nd5 33.Nf3 Rxf1+ 34.Nxf1 Nxf4 35.Qd1 Nd5 36.Ne3 Ncxe3
37.fxe3 Bg7 38.e4 Nxb4 39.Qd7 Rc1+ 40.Kh2 Bxe4 41.Qe8+ Bf8 42.Qxe4 Bd6+ 43.g3 Rc2+
44.Kh1 Rc1+ 45.Kg2 Rc2+ 46.Kh1 Rc1+ 47.Kg2  1/2-1/2

[Event "Biel op MTO"]
[Site "Biel"]
[Date "1997.??.??"]
[Round "2"]
[White "McKenna, Jason"]
[Black "Foisor, Cristina Adela B"]
[Result "0-1"]
[WhiteElo "2120"]
[BlackElo "2415"]

1.e4 e5 2.Nf3 Nc6 3.Bb5 a6 4.Ba4 Nf6 5.O-O Be7 6.Re1 b5 7.Bb3 d6 8.c3 O-O
9.h3 Bb7 10.d4 Re8 11.a4 h6 12.Nbd2 Bf8 13.Bc2 Nb8 14.dxe5 dxe5 15.Qe2 c6
16.Nf1 Nbd7 17.Ng3 Nc5 18.a5 Qc7 19.Be3 Ne6 20.Bb6 Qb8 21.Rad1 c5 22.Qd2 c4
23.b4 cxb3 24.Bxb3 Nc5 25.Bd5 Ncd7 26.Be3 Bxd5 27.exd5 Qc7 28.d6 Qxa5 29.Ra1 Qd8
30.Nf5 Re6 31.g4 Ne4 32.Ne7+ Bxe7 33.dxe7 Rxe7 34.Qc2 Nef6 35.g5 hxg5 36.Nxg5 Qc7
37.Rad1 Rc8 38.Qf5 Nf8 39.h4 Qc4 40.Bf4 Rce8 41.Rxe5 Rxe5 42.Bxe5 Rxe5  0-1

[Event "Biel op MTO"]
[Site "Biel"]
[Date "1997.??.??"]
[Round "9"]
[White "Pavlovic, Milos"]
[Black "Sturua, Zurab"]
[Result "1/2-1/2"]
[WhiteElo "2485"]
[BlackElo "2585"]

1.e4 e5 2.Nf3 Nc6 3.Bb5 a6 4.Ba4 Nf6 5.O-O Be7 6.Re1 b5 7.Bb3 d6 8.c3 O-O
9.h3 Bb7 10.d4 Re8 11.Nbd2 Bf8 12.a4 h6 13.Bc2 exd4 14.cxd4 Nb4 15.Bb1 c5
16.d5 Nd7 17.Ra3 c4 18.Nh2 Nc5 19.Rg3 Nbd3 20.Ng4 g6 21.b4 Nxb4 22.Bb2 Bg7
23.Bxg7 Kxg7 24.Nxc4 bxc4 25.Qd4+ f6 26.Qd2 g5 27.Qxb4 Bc8 28.Nh2 Bd7 29.Bc2 Rb8
30.Qc3 Qb6 31.h4 Qb2 32.hxg5 hxg5 33.Rxg5+ Kf7 34.Rg3 Qxc3 35.Rxc3 Rb4 36.a5 Ba4
37.Ng4 Bxc2 38.Rxc2 Rxe4 39.Rxe4 Nxe4 40.Ne3 c3 41.f3 Rb1+ 42.Kh2 Nc5 43.Rxc3 Ke8
44.Rc4 Re1 45.Nf5 Kd7 46.Rh4 Re5 47.Rh7+ Kd8 48.Nxd6 Rxd5 49.Nc4 Ke8 50.Rc7 Nb3
51.Rc6 Ke7 52.Rxa6 Rc5 53.Ne3 Rxa5 54.Rb6 Nd4 55.Rb4 Nc6 56.Rb7+ Ke6 57.Rb6 Rc5
58.g4 Ke5 59.Kg3 Nd4 60.Rb4 Rc3 61.Nc4+ Kd5  1/2-1/2

[Event "Doprastav op"]
[Site "Bratislava"]
[Date "1997.??.??"]
[Round "5"]
[White "Samko, Karol"]
[Black "Misecka, Rastislav"]
[Result "1/2-1/2"]
[WhiteElo "1945"]
[BlackElo "2005"]

1.e4 e5 2.Nf3 Nc6 3.Bb5 a6 4.Ba4 Nf6 5.O-O Be7 6.Re1 b5 7.Bb3 d6 8.c3 O-O
9.h3 Bb7 10.d4 Re8 11.Ng5 Rf8 12.Qd3 h6 13.Nf3 Re8 14.Nbd2 Bf8 15.d5 Nb8
16.Nf1 Nbd7 17.Bc2 c5 18.N3h2 c4 19.Qf3 g6 20.Ng3 Bg7 21.Be3 Nb6 22.Qe2 Kh7
23.a4 Qc7 24.Ra3 Reb8 25.Rea1 Nfd7 26.Qf3 Nf6 27.Qe2 Nbd7 28.axb5 axb5 29.Qd1 Rxa3
30.Rxa3 Ra8 31.Rxa8 Bxa8 32.Qa1 Qb8 33.Nf3 Ne8 34.Qa5 Nc7 35.Ne2 Qb7 36.Nc1 Bf6
37.Na2 Na6 38.Nb4 Nxb4 39.cxb4 Qb8 40.Qa6 Be7 41.Nd2 Qb7 42.Qa7 Qxa7 43.Bxa7 Bd8
44.Nb1 Bb7 45.Nc3 Ba6 46.Kf1 Bb6 47.Bxb6 Nxb6 48.Ke2 Kg7 49.Ke3 Nd7 50.g3 g5
51.Bd1 Kg6 52.Bg4 Nb6 53.Bf5+ Kg7 54.Bg4 Kg6 55.Bd1 Nd7 56.Bc2 Nb6 57.f4 f6
58.fxe5 fxe5 59.Bd1 h5 60.Kd2 Nc8 61.Be2 Na7 62.Bf1 Kf6 63.Kc2 Kg6 64.b3 cxb3+
65.Kxb3 h4 66.g4 Kf6 67.Nd1 Bc8 68.Ne3 Bd7 69.Kc3 Nc8 70.Be2 Na7 71.Bf1 Nc8
72.Be2 Na7 73.Bf1 Nc8  1/2-1/2

[Event "Slovan op"]
[Site "Bratislava"]
[Date "1997.??.??"]
[Round "6"]
[White "Fraas, Martin"]
[Black "Strieborny, Martin"]
[Result "1/2-1/2"]
[WhiteElo "2175"]
[BlackElo "2065"]

1.e4 e5 2.Nf3 Nc6 3.Bb5 a6 4.Ba4 Nf6 5.O-O Be7 6.Re1 b5 7.Bb3 d6 8.c3 O-O
9.h3 Bb7 10.d4 Re8 11.Nbd2 Bf8 12.Bc2 g6 13.Nf1 Bg7 14.Ng3 Nd7 15.Bg5 Ne7
16.Qd2 c5 17.d5 Qc7 18.Nh2 f6 19.Bh6 Nb6 20.Ng4 Rf8 21.b3 Bc8 22.Bxg7 Kxg7
23.Qh6+ Kg8 24.Re3 f5 25.Nh5 gxh5 26.Nf6+ Rxf6 27.Qxf6 f4 28.Ree1 Ng6 29.Bd1 h4
30.Bg4 Qe7 31.Qxe7 Nxe7 32.Kf1 Bxg4 33.hxg4 Kf7 34.Ke2 Rg8 35.f3 h5 36.g5 Rxg5
37.Kf2 Rg8 38.Rh1 Ng6 39.Rac1 c4 40.Rb1 Rc8 41.Rhc1 Nd7 42.bxc4 Rxc4 43.Rb4 Nb6
44.Ke2 Rxb4  1/2-1/2

[Event "Honved"]
[Site "Budapest"]
[Date "1997.??.??"]
[Round "7"]
[White "Vegh, Endre"]
[Black "Petran, Pal"]
[Result "1/2-1/2"]
[WhiteElo "2330"]
[BlackElo "2425"]

1.e4 e5 2.Nf3 Nc6 3.Bb5 a6 4.Ba4 Nf6 5.O-O Be7 6.Re1 b5 7.Bb3 d6 8.c3 O-O
9.h3 Bb7 10.d4 Re8 11.Nbd2 Bf8 12.a4 h6 13.Bc2 exd4 14.cxd4 Nb4 15.Bb1 g6
16.e5 dxe5 17.dxe5 Nh5 18.axb5 axb5 19.Rxa8 Bxa8 20.Ne4 Qxd1 21.Rxd1 f5 22.Nc3 Bxf3
23.gxf3 Rxe5 24.f4 Rc5 25.Be3 Rc4 26.Nxb5 Nxf4 27.b3 Nxh3+ 28.Kh2 Rh4 29.Kg3 Rh5
30.f4 g5  1/2-1/2

[Event "Honved-B"]
[Site "Budapest"]
[Date "1997.??.??"]
[Round "10"]
[White "Wells, Peter K"]
[Black "Acs, Peter"]
[Result "1/2-1/2"]
[WhiteElo "2495"]
[BlackElo "2420"]

1.e4 e5 2.Nf3 Nc6 3.Bb5 a6 4.Ba4 Nf6 5.O-O Be7 6.Re1 b5 7.Bb3 d6 8.c3 O-O
9.h3 Bb7 10.d4 Re8 11.Nbd2 Bf8 12.d5 Nb8 13.Nf1 Nbd7 14.Ng3 Nc5 15.Bc2 c6
16.b4 Ncd7 17.dxc6 Bxc6 18.Bb3 h6 19.Nh4 Nb6 20.Nhf5 d5 21.Nh5 Nxh5 22.Qxh5 Nd7
23.Nxh6+ gxh6 24.Re3 Nf6 25.Rg3+ Kh8 26.Qxf7 Qe7 27.Qg6 Qg7 28.Qf5 Bd7 29.Rxg7 Bxf5
30.Rf7 Nxe4 31.Rxf5 Nxc3 32.Bb2 d4 33.Re1 Bg7 34.Kf1  1/2-1/2

[Event "Budapest FS12 GM"]
[Site "Budapest"]
[Date "1997.??.??"]
[Round "11"]
[White "Gonzalez Garcia, Jose"]
[Black "Varga, Zoltan"]
[Result "1/2-1/2"]
[WhiteElo "2420"]
[BlackElo "2495"]

1.e4 e5 2.Nf3 Nc6 3.Bb5 a6 4.Ba4 Nf6 5.O-O Be7 6.Re1 b5 7.Bb3 d6 8.c3 O-O
9.h3 Bb7 10.d4 Re8 11.Ng5 Rf8 12.Nf3 Re8 13.Ng5 Rf8 14.Nf3 Re8 15.Ng5 Rf8
16.Nf3 Re8 17.Ng5  1/2-1/2

[Event "Goodricke op"]
[Site "Calcutta"]
[Date "1997.??.??"]
[Round "6"]
[White "Konguveel, Ponnuswamy"]
[Black "Sashikiran, Krishnan"]
[Result "1-0"]
[WhiteElo "2425"]
[BlackElo "2375"]

1.e4 e5 2.Nf3 Nc6 3.Bb5 a6 4.Ba4 Nf6 5.O-O Be7 6.Re1 b5 7.Bb3 d6 8.c3 O-O
9.h3 Bb7 10.d4 Re8 11.Nbd2 Bf8 12.Bc2 g6 13.a3 Nb8 14.b4 Nbd7 15.Bb2 Rc8
16.c4 c5 17.bxc5 exd4 18.c6 Rxc6 19.cxb5 axb5 20.Nxd4 Rc5 21.Bd3 Qb6 22.Rb1 d5
23.Bxb5 dxe4 24.Nc4 Qc7 25.Ne3 Rd8 26.Qb3 Ne5 27.Rbd1 Nd5 28.Ndc2 Nxe3 29.Nxe3 Bg7
30.Rxd8+ Qxd8 31.Rd1 Qg5 32.Bxe5 Bxe5 33.Rd7 Rc1+ 34.Nf1 Qf5 35.Rxb7 Bd4
36.Qa2 h5 37.Be8  1-0

[Event "Goodricke op"]
[Site "Calcutta"]
[Date "1997.??.??"]
[Round "8"]
[White "Mithrakanth, Poorna Sharma"]
[Black "Joshi, G B."]
[Result "1-0"]
[WhiteElo "2360"]
[BlackElo "2285"]

1.e4 e5 2.Nf3 Nc6 3.Bb5 a6 4.Ba4 Nf6 5.O-O Be7 6.Re1 b5 7.Bb3 d6 8.c3 O-O
9.h3 Bb7 10.d4 Re8 11.Nbd2 Bf8 12.Bc2 Nb8 13.a4 Nbd7 14.b3 g6 15.Bb2 Rb8
16.axb5 axb5 17.Ra7 c5 18.dxe5 dxe5 19.c4 Qb6 20.Qa1 Nh5 21.cxb5 Ra8 22.Rxa8 Rxa8
23.Qb1 f6 24.Bd3 Nf4 25.Bc4+ Kg7 26.Rd1 Bc8 27.Bc3 Bd6 28.g3 Nxh3+ 29.Kg2 Nf8
30.Bd5 Rb8 31.Nc4 Qc7 32.Bc6 Be7 33.Nfxe5 Ng5 34.f4 Nge6 35.Ba5 Qa7 36.Nf3 Nd4
37.b4 Nxc6 38.bxc6 cxb4  1-0

[Event "Ciego de Avila"]
[Site "Ciego de Avila"]
[Date "1997.??.??"]
[Round "6"]
[White "Perez, Luis Manuel"]
[Black "Vasquez, Rodrigo"]
[Result "0-1"]
[WhiteElo "2290"]
[BlackElo "2480"]

1.e4 e5 2.Nf3 Nc6 3.Bb5 a6 4.Ba4 Nf6 5.O-O Be7 6.Re1 b5 7.Bb3 d6 8.c3 O-O
9.h3 Bb7 10.d4 Re8 11.Nbd2 Bf8 12.a4 h6 13.Bc2 exd4 14.cxd4 Nb4 15.Bb1 c5
16.d5 Nd7 17.Ra3 c4 18.Nh2 Ne5 19.Rg3 Ned3 20.Rf1 g6 21.f4 Qb6+ 22.Kh1 Nf2+
23.Rxf2 Qxf2 24.Ndf1 Nd3 25.Ng4 Qd4 26.Bxd3 cxd3 27.Rxd3 Qh8 28.f5 Rxe4 29.fxg6 fxg6
30.Rg3 Rae8 31.Qf3 Bg7 32.Nfe3 Bc8 33.Bd2 Rxa4 34.Nf5 Bxf5 35.Nxh6+ Kh7 36.Nxf5 Be5
37.Bc3 Qf8 38.Bxe5 Rxe5 39.Nxd6 Rf4  0-1

[Event "Matanzas op"]
[Site "Cuba"]
[Date "1997.??.??"]
[Round "2"]
[White "Gonzalez, Yuri"]
[Black "Vazquez, Renier"]
[Result "1/2-1/2"]
[WhiteElo "2295"]
[BlackElo "2360"]

1.e4 e5 2.Nf3 Nc6 3.Bb5 a6 4.Ba4 Nf6 5.O-O b5 6.Bb3 Be7 7.Re1 O-O 8.h3 d6
9.c3 Bb7 10.d4 Re8 11.Ng5 Rf8 12.Nf3 Re8 13.Nbd2 Bf8 14.Bc2 g6 15.d5 Nb8
16.Nf1 c6 17.dxc6 Bxc6 18.Bg5 Nbd7 19.N3h2 h6 20.Bxf6 Nxf6 21.Ng4 Nh7 22.Nge3 Nf6
23.Qf3 h5 24.Rad1 Ra7 25.Rd2 Bh6 26.Red1 Rd7 27.h4 Re6 28.Re2 Kg7 29.Ree1 d5
30.exd5 Nxd5 31.Be4 Red6 32.Nxd5 Bxd5 33.Bxd5 Rxd5 34.Rxd5 Rxd5 35.g3 f5
36.Qe2 Qd6 37.c4 bxc4 38.Qxc4 Rc5 39.Qb3 Rb5 40.Qc2 Rc5 41.Qb3 Qd5 42.Qb8  1/2-1/2

[Event "Matanzas op"]
[Site "Cuba"]
[Date "1997.??.??"]
[Round "6"]
[White "Abreu, Arian"]
[Black "Vazquez, Renier"]
[Result "0-1"]
[WhiteElo "2425"]
[BlackElo "2360"]

1.e4 e5 2.Nf3 Nc6 3.Bb5 a6 4.Ba4 Nf6 5.O-O Be7 6.Re1 b5 7.Bb3 d6 8.c3 O-O
9.h3 Bb7 10.d4 Re8 11.Nbd2 Bf8 12.Bc2 g6 13.a4 exd4 14.cxd4 Nb4 15.Bb1 c5
16.d5 Nd7 17.Nf1 Bg7 18.N1h2 Nb6 19.axb5 Nc4 20.bxa6 Bxa6 21.Ng4 Nxb2 22.Nh6+ Kf8
23.Qb3 N2d3 24.Bg5 c4 25.Qd1 f6 26.Bxd3 Nxd3 27.Bd2 Nxe1 28.Qxe1 c3 29.Bc1 Bd3
30.Rxa8 Qxa8 31.Bf4 Qa6 32.Qxc3 g5 33.Nf5 Bxe4 34.Bxd6+ Kg8 35.N3d4 Qb7 36.Qc6 Qf7
37.Ne3 f5 38.Nf3 h6 39.Bc5 f4 40.Nf1 Bxd5 41.Qb6 Qe6 42.Qb4 Bxf3 43.gxf3 Qxh3
44.Bd4 Qxf3 45.Qc4+ Kh7 46.Qf7 Qg4+ 47.Kh2 Rg8 48.f3 Qc8 49.Nd2 Qc2 50.Kh3 Qg6  0-1

[Event "CZE-chT2 9697"]
[Site "CZE"]
[Date "1997.??.??"]
[Round "?"]
[White "Belaska, Premysl"]
[Black "Dolezal, Radoslav Sr"]
[Result "1/2-1/2"]
[WhiteElo "2265"]
[BlackElo "2045"]

1.e4 e5 2.Nf3 Nc6 3.Bb5 a6 4.Ba4 Nf6 5.O-O Be7 6.Re1 b5 7.Bb3 O-O 8.c3 d6
9.h3 Bb7 10.d4 Re8 11.Ng5 Rf8 12.Nf3 Re8 13.Nbd2 Bf8 14.d5 Nb8 15.a4 Nbd7
16.Bc2 c6 17.dxc6 Bxc6 18.b4 Qc7 19.Bb2 d5 20.exd5 Nxd5 21.axb5 axb5 22.Rxa8 Bxa8
23.Ne4 g6 24.Qd3 Bc6 25.Bb3 N7b6 26.Bxd5 Nxd5 27.c4 bxc4 28.Qxc4 Bg7 29.b5 Ba8
30.Qxc7 Nxc7 31.Nd6 Rb8 32.Rc1 Bxf3 33.Rxc7 Bd5 34.Rc8+ Rxc8 35.Nxc8 Bf8
36.Bxe5 Bb7 37.Na7 Bc5 38.Nc6 Bb6 39.Kf1 Kf8 40.Ke2 Ke8 41.f3  1/2-1/2

[Event "MSS-ch"]
[Site "CZE"]
[Date "1997.??.??"]
[Round "?"]
[White "Virostko, Petr"]
[Black "Harasimovic, P."]
[Result "1-0"]
[WhiteElo "2105"]
[BlackElo "1740"]

1.e4 e5 2.Nf3 Nc6 3.Bb5 a6 4.Ba4 Nf6 5.O-O Be7 6.Re1 b5 7.Bb3 d6 8.c3 O-O
9.h3 Bb7 10.d4 Re8 11.Nbd2 Bf8 12.a4 h6 13.Bc2 exd4 14.cxd4 Nb4 15.Bb1 c5
16.d5 Nd7 17.Nf1 f5 18.exf5 Nf6 19.Ne3 Nbxd5 20.Ba2 c4 21.Nd4 Nb4 22.Bb1 Qd7
23.Bd2 Nc6 24.Ne6 d5 25.Ng4 Be7 26.Bxh6 gxh6 27.Ra3 Kh7 28.Qd2 Nxg4 29.f6+ Kh8
30.hxg4 Bf8 31.Rh3 Rxe6 32.Rxe6 Qxe6 33.Rxh6+ Kg8 34.Qg5+  1-0

[Event "CZE-chT 9697"]
[Site "CZE"]
[Date "1997.??.??"]
[Round "1"]
[White "Gdovin, Jan"]
[Black "Mojzis, Jaroslav"]
[Result "1/2-1/2"]
[WhiteElo "2240"]
[BlackElo "2230"]

1.e4 e5 2.Nf3 Nc6 3.Bb5 a6 4.Ba4 Nf6 5.O-O Be7 6.Re1 b5 7.Bb3 d6 8.c3 O-O
9.h3 Bb7 10.d4 Re8 11.Nbd2 Bf8 12.Bc2 h6 13.a4 exd4 14.cxd4 Nb4 15.Bb1 c5
16.d5 Nd7 17.Nf1 bxa4 18.Rxa4 a5 19.Ra3 c4 20.Nd4 Nd3 21.Bxd3 cxd3 22.Rxd3 Nc5
23.Rde3 g6 24.Ng3 Bg7 25.Ngf5 Bf8 26.Qg4 Bc8 27.Rg3 Qf6 28.Bd2 Qxd4 29.Nxd4 Bxg4
30.hxg4 Rxe4 31.Rxe4 Nxe4 32.Rd3 Bg7 33.Nc6 a4 34.Bc1 Nc5 35.Rd1 Nb3 36.Bf4 Bxb2
37.Bxd6 a3 38.Bxa3 Bxa3 39.d6 Bxd6 40.Rxd6 Ra1+ 41.Kh2  1/2-1/2

[Event "Porzellan Cup rap"]
[Site "Dresden"]
[Date "1997.??.??"]
[Round "25"]
[White "Bologan, Viktor"]
[Black "Almasi, Zoltan"]
[Result "1/2-1/2"]
[WhiteElo "2575"]
[BlackElo "2595"]

1.e4 e5 2.Nf3 Nc6 3.Bb5 a6 4.Ba4 Nf6 5.O-O Be7 6.Re1 b5 7.Bb3 d6 8.c3 O-O
9.h3 Bb7 10.d4 Re8 11.Nbd2 Bf8 12.a3 h6 13.Bc2 Nb8 14.b4 Nbd7 15.Bb2 g6 16.Qb1 Bg7
17.Nb3 Rc8 18.Na5 Ba8 19.d5 Nb6 20.a4 Nxa4 21.Bxa4 bxa4 22.Rxa4 Qd7 23.Qa2 Nh5
24.Nc6 Bb7 25.c4 Nf4 26.Bc1 Nd3 27.Rd1 Nxc1 28.Rxc1 Bxc6 29.dxc6 Qxc6 30.Nd2 Qb7
31.Rb1 Ra8 32.Ra1 Rab8 33.Rb1 Ra8 34.Ra1 h5 35.b5 a5 36.Qc2 c6 37.Rxa5 Rxa5
38.Rxa5 Rc8 39.Qd3 cxb5 40.Rxb5 Qc6 41.Rd5 Bf8 42.g3 Ra8 43.Nf1 Ra1 44.Kg2 Qa6
45.Ne3 Qa2 46.Rb5 Rc1 47.Rb7 Qa5 48.Qb3 Qe1 49.Kf3 Rc3 50.Qb1 Qxb1 51.Rxb1 Bh6
52.Rd1 Bxe3 53.fxe3 Rxc4 54.Rxd6  1/2-1/2

[Event "RUS-Cup5"]
[Site "Ekaterinburg"]
[Date "1997.??.??"]
[Round "8"]
[White "Korneev, Oleg"]
[Black "Ibragimov, Ildar"]
[Result "1/2-1/2"]
[WhiteElo "2590"]
[BlackElo "2555"]

1.e4 e5 2.Nf3 Nc6 3.Bb5 a6 4.Ba4 Nf6 5.O-O Be7 6.Re1 b5 7.Bb3 d6 8.c3 O-O
9.h3 Bb7 10.d4 Re8 11.Nbd2 Bf8 12.d5 Nb8 13.Nf1 Nbd7 14.N3h2 Nc5 15.Bc2 c6
16.b4 Ncd7 17.dxc6 Bxc6 18.Bg5 Qc7 19.Bxf6 Nxf6 20.Ng4 Nd7 21.Qf3 Nb6 22.Bb3 Qb7
23.Ng3 d5 24.Nh5 Re6 25.Qg3 Rg6 26.exd5 Nxd5 27.Qxe5 Nb6 28.f3 Nc4 29.Bxc4 bxc4
30.Qf4 a5 31.a3 Qa7+ 32.Qe3 Qxe3+ 33.Nxe3 Bxf3 34.Nf4 Rf6 35.Nfd5 Bxd5 36.Nxd5 Rd6
37.Nc7 Rc8 38.Nb5 Rd5 39.Nd4 axb4 40.axb4 Bxb4 41.cxb4 Rxd4 42.b5 h5 43.b6 Rb8
44.Rab1 c3 45.Rec1 Rc4 46.Rb3 c2 47.Rb2 Kh7 48.Rcxc2 Rxc2 49.Rxc2 Rxb6 50.h4 Rb4
51.g3 f5 52.Kg2  1/2-1/2

[Event "BL2-W9798"]
[Site "Germany"]
[Date "1997.??.??"]
[Round "?.5"]
[White "Fleck, Juergen"]
[Black "Eng, Holger"]
[Result "1-0"]
[WhiteElo "2375"]
[BlackElo "2355"]

1.e4 e5 2.Nf3 Nc6 3.Bb5 a6 4.Ba4 Nf6 5.O-O Be7 6.Re1 b5 7.Bb3 d6 8.c3 O-O
9.h3 Bb7 10.d4 Re8 11.Nbd2 Bf8 12.a3 Nb8 13.dxe5 dxe5 14.Ng5 Re7 15.Nxf7 Rxf7
16.Nf3 Qxd1 17.Rxd1 c5 18.Be6 Bxe4 19.Nxe5 Ra7 20.f3 Bg6 21.Rd8 Nbd7 22.Nc6 Rb7
23.Ne7+ Kh8 24.Nxg6+ hxg6 25.Bxf7 Kh7 26.Bf4 c4 27.Rd1 Bc5+ 28.Kf1 Bb6 29.Bg8+  1-0

[Event "Groningen op"]
[Site "Groningen"]
[Date "1997.??.??"]
[Round "4"]
[White "Ehlvest, Jaan"]
[Black "Wehmeier, Stefan"]
[Result "1-0"]
[WhiteElo "2610"]
[BlackElo "2395"]

1.e4 e5 2.Nf3 Nc6 3.Bb5 a6 4.Ba4 Nf6 5.O-O Be7 6.Re1 b5 7.Bb3 d6 8.c3 O-O
9.h3 Bb7 10.d4 h6 11.Nbd2 Qd7 12.Nf1 Rad8 13.Ng3 Rfe8 14.a4 Bf8 15.Bc2 g6
16.Bd3 d5 17.axb5 axb5 18.Bxb5 dxe4 19.Nxe4 Nxe4 20.Rxe4 Qd5 21.Qe2 Bg7 22.Re3 Re7
23.c4 Qd6 24.d5 Nb8 25.Bd2 c6 26.dxc6 Nxc6 27.Bc3 e4 28.Bxc6 Bxc6 29.Nh2 f5
30.Bxg7 Kxg7 31.Rea3 Qc5 32.Qe3 Rd4 33.b4 Qd6 34.Qc3 Kh7 35.b5 e3 36.fxe3 Rd1+
37.Nf1 Be4 38.Rxd1 Qxd1 39.Qd2 Qb1 40.Rc3 Ra7 41.Rc1 Qb3 42.Qd4 Re7 43.Nd2 Qb4
44.Ra1 Bb7 45.Rb1 Qa3 46.Ra1 Qb4 47.Rb1 Qa3 48.c5 f4 49.c6 Bc8 50.Ra1 Qxe3+
51.Qxe3 fxe3 52.Nf3 Bf5 53.b6  1-0

[Event "ISR-chT"]
[Site "Israel"]
[Date "1997.??.??"]
[Round "2"]
[White "Shmuter, Leonid"]
[Black "Kraidman, Yair"]
[Result "1-0"]
[WhiteElo "2490"]
[BlackElo "2365"]

1.e4 e5 2.Nf3 Nc6 3.Bb5 a6 4.Ba4 Nf6 5.O-O Be7 6.Re1 b5 7.Bb3 d6 8.c3 O-O
9.h3 Bb7 10.d4 Re8 11.Nbd2 Bf8 12.Bc2 g6 13.d5 Nb8 14.b3 c6 15.c4 Nbd7 16.Nf1 bxc4
17.bxc4 Nc5 18.Ba3 Qa5 19.Re3 Nfd7 20.Rb1 cxd5 21.cxd5 Bh6 22.Bb4 Qc7 23.Ra3 a5
24.Bd2 Bxd2 25.Qxd2 Ba6 26.Ng3 Reb8 27.Qh6 Rxb1+ 28.Bxb1 Nf8 29.Nh4 f6 30.Ngf5 Bc8
31.Rg3 Rb8 32.Bc2 Rb2 33.Nxg6 hxg6 34.Rxg6+ Nxg6 35.Qxg6+ Kf8 36.Qxf6+ Qf7
37.Qxd6+ Ke8 38.Qxe5+ Kd8 39.Qxb2 Bxf5 40.Qb6+ Ke8 41.Qxc5 Bd7 42.e5  1-0

[Event "Jakarta op"]
[Site "Jakarta"]
[Date "1997.??.??"]
[Round "?"]
[White "Kaiumov, Dmitry D"]
[Black "Zaw Winlay"]
[Result "0-1"]
[WhiteElo "2450"]
[BlackElo "2230"]

1.e4 e5 2.Nf3 Nc6 3.Bb5 a6 4.Ba4 Nf6 5.O-O Be7 6.Re1 b5 7.Bb3 d6 8.c3 O-O
9.h3 Bb7 10.d4 Re8 11.Nbd2 Bf8 12.d5 Ne7 13.Nf1 g6 14.Bg5 Bg7 15.Qd2 Kh8
16.N3h2 Nfg8 17.Ng3 Qd7 18.Rad1 Rad8 19.Kh1 Rf8 20.Be3 c5 21.dxc6 Qxc6 22.f4 f5
23.exf5 gxf5 24.Nh5 Nf6 25.Nxg7 Ne4 26.Qc2 Kxg7 27.Nf3 Ng6 28.Bd5 Qc8 29.Bxb7 Qxb7
30.fxe5 dxe5 31.Ng5 Rxd1 32.Qxd1 Nxg5 33.Bxg5 h6 34.Be3 f4 35.Bc5 Rf5 36.Qd3 Rg5
37.Qe4 Qxe4 38.Rxe4 Kf6 39.Bf2 Kf5 40.Re1 e4 41.Bd4 Rg3 42.Kh2 Rd3 43.Re2 e3  0-1

[Event "Juvenil op"]
[Site "?"]
[Date "1997.??.??"]
[Round "4"]
[White "Otero, Carlos"]
[Black "Perez, R."]
[Result "1/2-1/2"]
[WhiteElo "1910"]
[BlackElo "1865"]

1.e4 e5 2.Nf3 Nc6 3.Bb5 a6 4.Ba4 Nf6 5.O-O Be7 6.Re1 b5 7.Bb3 d6 8.h3 Bb7
9.c3 O-O 10.d4 Re8 11.Ng5 Rf8 12.Nf3 Re8 13.Ng5 Rf8  1/2-1/2